000 00498nam a2200169 i 4500
001 bg
100 1 _aŁADOŃSKI, Wiesław
245 0 _aPodstawowe metody analityczne produktów żywnościowych /
_cW. Ładoński, T. Gospodarek.
260 _aWarszawa ;
_aWrocław :
_bPańst. Wydaw. Naukowe,
_c1986.
650 9 _aŻywność
_xbadanie
_xmetody
700 1 _aGOSPODAREK, Tadeusz
040 _cBPK
041 _apol
080 _a664:543
942 _cKS
008 s pl f |000 0 pol
999 _c3240
_d3240
856 _uhttp://koha.tu.koszalin.pl/cgi-bin/koha/opac-detail.pl?biblionumber=3240
_yKatalog online BPK